[Event "Rilton Cup 45th"]
[Site "Stockholm"]
[Date "2015.12.29"]
[Round "3"]
[White "Hagen, Andreas Skytte"]
[Black "Krantz, Christopher"]
[Result "1/2-1/2"]
[WhiteElo "2395"]
[BlackElo "2230"]
[PlyCount "87"]
[EventDate "2015.12.27"]
[EventType "swiss"]
[EventRounds "9"]
[EventCountry "SWE"]
[SourceTitle "CBM 170 Extra"]
[Source "ChessBase"]
[SourceDate "2016.02.25"]
[SourceVersion "1"]
[SourceVersionDate "2016.02.25"]
[SourceQuality "1"]

1. d4 d5 2. c4 e6 3. Nf3 Nf6 4. Nc3 Bb4 5. cxd5 exd5 6. Bg5 h6 7. Bh4 Nbd7 8. e3 g5 9. Bg3 Ne4 10. Nd2 Nxg3 11. hxg3 c6 12. Bd3 Nb6 13. a3 Be7 14. Qc2 Be6 15. 0-0-0 Qc7 16. Kb1 0-0-0 17. Rc1 Kb8 18. Na4 Nxa4 19. Qxa4 h5 20. Qc2 h4 21. gxh4 gxh4 22. Nf3 Rdg8 23. Rh2 Bf6 24. Rch1 Qe7 25. Bh7 Rg7 26. Bf5 Rhg8 27. Nxh4 Bxh4 28. Rxh4 Rxg2 29. Ka2 a6 30. Rh8 Qf6 31. Rxg8+ Rxg8 32. Bxe6 fxe6 33. Rh7 Qf8 34. f4 Rg7 35. Rh6 Rg2 36. Qxg2 Qxh6 37. Qg8+ Ka7 38. Qf7 Qh3 39. Qe7 Qxe3 40. Qc5+ Ka8 41. Qf8+ Ka7 42. Qc5+ Ka8 43. Qf8+ Ka7 44. Qc5+ 1/2-1/2

[Event "Rilton Cup 45th"]
[Site "Stockholm"]
[Date "2015.12.27"]
[Round "1"]
[White "Hagen, Andreas Skytte"]
[Black "Jonsson, Emil1111"]
[Result "1-0"]
[WhiteElo "2395"]
[BlackElo "2156"]
[PlyCount "97"]
[EventDate "2015.12.27"]
[EventType "swiss"]
[EventRounds "9"]
[EventCountry "SWE"]
[SourceTitle "CBM 170 Extra"]
[Source "ChessBase"]
[SourceDate "2016.02.25"]
[SourceVersion "1"]
[SourceVersionDate "2016.02.25"]
[SourceQuality "1"]

1. d4 Nf6 2. c4 e5 3. dxe5 Ng4 4. Bf4 Bb4+ 5. Nd2 Nc6 6. Ngf3 Qe7 7. e3 Ngxe5 8. Nxe5 Nxe5 9. Be2 0-0 10. 0-0 Ng6 11. Bg3 Bd6 12. Bxd6 Qxd6 13. Rc1 b6 14. Ne4 Qxd1 15. Rfxd1 d6 16. Nc3 a6 17. f4 Re8 18. Bf3 Ra7 19. Kf2 Ne7 20. g4 f5 21. h3 Bb7 22. Bd5+ Bxd5 23. cxd5 Kf7 24. gxf5 Nxf5 25. e4 Nh6 26. Kf3 Kf6 27. Ne2 Nf7 28. Nd4 g5 29. f5 Ne5+ 30. Ke3 b5 31. b3 g4 32. Ne6 gxh3 33. Rh1 h2 34. Rc2 Rg8 35. Rcxh2 Ng4+ 36. Kf4 Nxh2 37. Rxh2 Rh8 38. Rh6+ Kf7 39. f6 c5 40. Nxc5 Rc7 41. Ne6 Rc1 42. Ng5+ Ke8 43. Kf5 Rg1 44. f7+ Ke7 45. Re6+ Kd7 46. Kf6 Rf1+ 47. Kg7 Rc8 48. Nxh7 Rg1+ 49. Rg6 1-0

[Event "DEN-chT 1516 54th"]
[Site "Denmark"]
[Date "2015.10.31"]
[Round "1"]
[White "Hagen, Andreas Skytte"]
[Black "Bromann, Thorbjorn"]
[Result "1/2-1/2"]
[WhiteElo "2396"]
[BlackElo "2453"]
[PlyCount "65"]
[EventDate "2015.10.31"]
[EventType "team-tourn"]
[EventRounds "9"]
[EventCountry "DEN"]
[SourceTitle "CBM 169 Extra"]
[Source "ChessBase"]
[SourceDate "2015.12.18"]
[SourceVersion "1"]
[SourceVersionDate "2015.12.18"]
[SourceQuality "1"]
[WhiteTeam "Aarhus/Skolerne"]
[BlackTeam "Bronshoj"]
[WhiteTeamCountry "DEN"]
[BlackTeamCountry "DEN"]

1. d4 e6 2. c4 Bb4+ 3. Bd2 a5 4. g3 d6 5. Bg2 Nc6 6. e3 e5 7. Ne2 Nf6 8. 0-0 Bxd2 9. Qxd2 0-0 10. Nbc3 Bf5 11. h3 Re8 12. d5 Ne7 13. g4 Bc8 14. Ng3 Rf8 15. f4 Nd7 16. f5 f6 17. h4 b6 18. Kh2 Nc5 19. Rg1 Ba6 20. Bf1 Kh8 21. Qg2 Qd7 22. e4 c6 23. Be2 cxd5 24. exd5 Na4 25. Nxa4 Qxa4 26. Ne4 Qc2 27. b3 Nxd5 28. Rgc1 Qb2 29. Rcb1 Qc2 30. Rc1 Qb2 31. Rcb1 Qc2 32. Rc1 Qb2 33. Rcb1 1/2-1/2

[Event "Koge Xtracon op"]
[Site "Koge"]
[Date "2015.10.18"]
[Round "9"]
[White "Hagen, Andreas Skytte"]
[Black "Bruun, Henrik Emil"]
[Result "1-0"]
[WhiteElo "2396"]
[BlackElo "2115"]
[PlyCount "59"]
[EventDate "2015.10.12"]
[EventType "swiss"]
[EventRounds "9"]
[EventCountry "DEN"]
[SourceTitle "CBM 168 Extra"]
[Source "ChessBase"]
[SourceDate "2015.10.29"]
[SourceVersion "1"]
[SourceVersionDate "2015.10.29"]
[SourceQuality "1"]

1. d4 Nf6 2. c4 c5 3. d5 e6 4. Nc3 exd5 5. cxd5 d6 6. Nf3 g6 7. Bf4 b5 8. Nxb5 Qa5+ 9. Nc3 Bg7 10. Bxd6 Ne4 11. Be5 0-0 12. Bxg7 Kxg7 13. Qa4 Qxa4 14. Nxa4 Rd8 15. e3 Ba6 16. Rd1 Bxf1 17. Rxf1 Na6 18. Nc3 Nxc3 19. bxc3 Rab8 20. Rd2 f6 21. Ke2 g5 22. c4 Rb4 23. Rc1 Ra4 24. Ne1 Nb4 25. Nd3 Na6 26. Rb2 Rd7 27. Rc3 Kg6 28. a3 h5 29. Rb5 Rc7 30. Nb2 1-0